| 000 | 01515nam a2200409 c 4500 | ||
|---|---|---|---|
| 001 | 463 | ||
| 003 | ES-MaCES | ||
| 005 | 20141221121505.0 | ||
| 008 | 970610s1992 sp ||| | spa d | ||
| 017 |
_aM. 9.182-1992 _bDL |
||
| 020 | _a8447000079 | ||
| 035 | _aCES19980004655m | ||
| 040 |
_aES-MaCES _bspa _cES-MaCES |
||
| 245 | 0 | 0 |
_aComentarios a la Ley general para la defensa de los consumidores y usuarios _cautores, Alberto Bercovitz Rodríguez-Cano ... [et al.] ; Rodrigo Bercovitz Rodríguez-Cano y Javier Salas Hernández (coordinadores) |
| 250 | _a1ª ed | ||
| 260 |
_aMadrid _bCivitas _c1992 |
||
| 300 |
_a1421 p. _c24 cm |
||
| 505 | 0 | _aApéndice legislativo: p. 1111-1391 | |
| 541 | _cCompra | ||
| 610 | 1 | 4 |
_aEspaña _tLey general para la defensa de los consumidores y usuarios _d1984 _93153 |
| 650 | 4 |
_aprotección del consumidor _929407 |
|
| 650 | 4 |
_aEspaña _926964 |
|
| 650 | 4 |
_aComunidades Autónomas _930768 |
|
| 650 | 4 |
_alegislación _927153 |
|
| 650 | 4 |
_atexto _929624 |
|
| 650 | 4 |
_acomentario _928971 |
|
| 650 | 4 |
_aderecho comunitario _929866 |
|
| 650 | 4 |
_aDirectiva de la CE _929873 |
|
| 653 | 1 | 0 | _aLegislación |
| 700 | 1 |
_aBercovitz Rodríguez-Cano, Alberto _97570 |
|
| 700 | 1 |
_aBercovitz Rodríguez-Cano, Rodrigo _ecol. _97571 |
|
| 700 | 1 |
_aSalas Hernández, Javier _ecoord. _923063 |
|
| 710 | 1 |
_aEspaña _tLey general para la defensa de los consumidores y usuarios _d1984 _93153 |
|
| 902 | _aLIB Libro | ||
| 942 |
_2CES _cBK _h6.1. |
||
| 999 |
_c463 _d463 |
||